All One Direction Songs - Statistics

General Stats
  • This quiz has been taken 226 times
  • The average score is 40 of 94
Answer Stats
Album Song % Correct
Up All Night What Makes You Beautiful
94%
Midnight Memories You & I
89%
Midnight Memories Midnight Memories
87%
Up All Night Up All Night
80%
Midnight Memories Best Song Ever
76%
Made in the A.M. Drag Me Down
75%
Four Night Changes
74%
Midnight Memories Story of My Life
73%
Made in the A.M. History
72%
Take Me Home Kiss You
68%
Made in the A.M. Perfect
67%
Up All Night One Thing
64%
Made in the A.M. Olivia
63%
Four Steal My Girl
63%
Take Me Home Little Things
60%
Take Me Home Live While We're Young
60%
Four 18
59%
Midnight Memories One Way or Another (Teenage Kicks)
59%
Midnight Memories Diana
58%
Four No Control
58%
Made in the A.M. A.M.
57%
Take Me Home Rock Me
54%
Four Stockholm Syndrome
54%
Up All Night Gotta Be You
51%
Up All Night I Want
51%
Midnight Memories Little Black Dress
51%
Take Me Home They Don't Know About Us
47%
Four Fireproof
46%
Take Me Home I Would
46%
Made in the A.M. Wolves
46%
Four Fool's Gold
45%
Four Where Do Broken Hearts Go
45%
Four Clouds
44%
Made in the A.M. If I Could Fly
44%
Made in the A.M. Infinity
44%
Midnight Memories Right Now
44%
Up All Night I Wish
43%
Midnight Memories Strong
43%
Made in the A.M. Walking in the Wind
42%
Four Girl Almighty
41%
Made in the A.M. Hey Angel
41%
Midnight Memories Little White Lies
41%
Midnight Memories Happily
40%
Four Act My Age
39%
Take Me Home Last First Kiss
39%
Made in the A.M. Love You Goodbye
39%
Up All Night Na Na Na
39%
Take Me Home Summer Love
39%
Midnight Memories Half a Heart
37%
Made in the A.M. Home
37%
Up All Night More Than This
37%
Take Me Home Over Again
37%
Four Change Your Ticket
36%
Take Me Home C'mon, C'mon
36%
Midnight Memories Don't Forget Where You Belong
36%
Up All Night Moments
36%
Up All Night Taken
36%
Midnight Memories Better Than Words
34%
Four Ready to Run
34%
Four Spaces
34%
Up All Night Tell Me a Lie
34%
Made in the A.M. Temporary Fix
34%
Made in the A.M. End of the Day
33%
Made in the A.M. Long Way Down
33%
Made in the A.M. Never Enough
32%
Take Me Home She's Not Afraid
32%
Midnight Memories Through the Dark
32%
Midnight Memories Alive
31%
Take Me Home Magic
31%
Made in the A.M. What a Feeling
31%
Take Me Home Heart Attack
30%
Up All Night Save You Tonight
30%
Up All Night Stole My Heart
30%
Take Me Home Truly Madly Deeply
30%
Take Me Home Change My Mind
29%
Up All Night Same Mistakes
29%
Take Me Home Back for You
28%
Four Illusion
28%
Take Me Home Irresistible
28%
Up All Night Stand Up
28%
Midnight Memories Why Don't We Go There?
28%
Midnight Memories Does He Know?
26%
Up All Night Everything About You
26%
Take Me Home Loved You First
26%
Take Me Home Nobody Compares
26%
Up All Night Another World
25%
Up All Night I Should Have Kissed You
25%
Midnight Memories Something Great
25%
Take Me Home Still the One
25%
Four Once in a Lifetime
24%
Up All Night: The Live Tour Medley: I Gotta Feeling / Stereo Hearts / Valerie / Torn
10%
Up All Night: The Live Tour Use Somebody
4%
Made in the A.M. I Want You to Write a Song
1%
You & I EP Player
1%
No matching quizzes found
Score Distribution
Percent of People with Each Score
Percentile by Number Answered
Your Score History
You have not taken this quiz